La provocación de Dios (Record no. 122953)

MARC details
000 -LEADER
campo de control de longitud fija 00704nam a2200181 4500
001 - NÚMERO DE CONTROL
campo de control 122953
003 - IDENTIFICADOR DE NÚMERO DE CONTROL
campo de control ES-MaACL
007 - CAMPO FIJO DE DESCRIPCIÓN FÍSICA--INFORMACIÓN GENERAL
campo de control de longitud fija t|
008 - DATOS DE LONGITUD FIJA--INFORMACIÓN GENERAL
campo de control de longitud fija 070214s1975 sp r ||||0| spa d
100 1# - ENTRADA PRINCIPAL--NOMBRE DE PERSONA
Nombre de persona Pronzato, Alessandro.
9 (RLIN) 94030
245 13 - MENCIÓN DEL TÍTULO
Título La provocación de Dios
Resto del título : meditaciones sobre la vida religiosa según el año litúrgico /
Mención de responsabilidad, etc. Alessandro Pronzato ; tradujeron G. González y G. Mártil.
Número de parte o sección de la obra , . II,
Nombre de parte o sección de la obra Días feriales después de Epifanía (de la primera a la décimocuarta semana `per annum`).
250 ## - MENCION DE EDICION
Mención de edición 2ª ed.
260 ## - PUBLICACIÓN, DISTRIBUCIÓN, ETC.
Lugar de publicación, distribución, etc. Salamanca :
Nombre del editor, distribuidor, etc. Sígueme,
Fecha de publicación, distribución, etc. 1975.
300 ## - DESCRIPCIÓN FÍSICA
Extensión 347 p ;
Dimensiones 22 cm.
700 1# - ENTRADA AGREGADA--NOMBRE PERSONAL
Nombre de persona González, G.
9 (RLIN) 58314
700 1# - ENTRADA AGREGADA--NOMBRE PERSONAL
Nombre de persona Mártil, G.
9 (RLIN) 77254
852 ## - LOCALIZACIÓN
Ubicación ES-MaACL
Número de control de estantería E-9014
Sublocalización o colección R.93349
Holdings
Estatus retirado Estado de pérdida Estado de daño No para préstamo Biblioteca de origen Biblioteca actual Ubicación en estantería Fecha de adquisición Fuente de adquisición Total de préstamos Signatura topográfica completa Código de barras Visto por última vez Precio de reemplazo Tipo de ítem Koha
        Biblioteca del Ateneo de Madrid Biblioteca del Ateneo de Madrid Depósito 2 17/01/2008     E-9014 1128121 23/02/2023 23/02/2023 Libro impreso